000 00744nam a2200301Ia 4500
001 45999
005 20240114003734.0
007 ta
008 090325s1906 a g b000 u 465 u
020 _cHB
040 _aCotton College,Assam
041 _a465
082 _a826.6
_bR 897 F
100 _aRuskin, John .
245 0 _aFors Clavigera /
_cJohn Ruskin.
_hTextual Documents
250 _a1st ed /
260 _aLondon :
_bGeorge Allen and Unwin Ltd ,
_c1906.
300 _a524p :
_bill. ;
_c18 cm .
653 _aEnglish Literature
653 _aT/G-Rare
653 _aT/G-English
653 _aG-English
942 _2ddc
_cBK
999 _c45964
_d45964